000 004570000a22001810004500
003 MACL
005 20150707121856.0
008 150707b xxu||||| |||| 00| 0 eng d
040 _aMACL
_cMACL
041 _aEnglish
082 _a307/CHA
100 _aChattopadhayay, Kamaladevi
_91054
245 _aIndian Women's Battle for Freedom
260 _bAbhinav Publications
_c1983
_aCalcutta
350 _a45
650 _aSociology
_919
942 _cBK
_k307
_2ddc
999 _c5793
_d5793